| 000 | 01509cam a2200421 a 4500 | ||
|---|---|---|---|
| 001 | 22245 | ||
| 003 | VRT | ||
| 005 | 20260323150022.0 | ||
| 008 | 240314s2014 xo g 000 f slo | ||
| 015 | _aSNBA2014/06 | ||
| 020 |
_a9788055138312 _q(viaz.) |
||
| 035 | _aC441CC30-4C23-42BC-A896-8FC76CFF51A2 | ||
| 035 | _aurn:nbn:sk:snk-amk24m | ||
| 035 | _aurn:nbn:sk:snk-am0086m9 | ||
| 039 | 9 |
_a202403141423 _bVLOAD _c202106111734 _dAUTHORITY _c202106111724 _dAUTHORITY _c201610121258 _dmtotk19 |
|
| 040 |
_aPOKPOH _bslo _cPOKPOH _dSNK _eAACR2 |
||
| 041 | 1 |
_aslo _heng |
|
| 044 |
_axo _cSK |
||
| 072 | 7 |
_a821.111(73)-3 _xAmerická próza _2konspekt |
|
| 080 |
_a821.111(73)-31 _22001 |
||
| 100 | 1 |
_aCole, Courtney _4aut |
|
| 240 | 1 | 0 |
_aIf You Stay _lSlovensky |
| 245 | 1 | 0 |
_aAk ostaneš _cCourtney Coleová ; [z anglického originálu ...] preložila Martina Petáková |
| 250 | _a1. vyd. | ||
| 260 |
_aBratislava _bIkar _c2014 |
||
| 300 |
_a276 s. _c21 cm |
||
| 655 | 7 |
_aamerické romány _2SNKPH |
|
| 655 | 7 |
_aAmerican fiction _2SNKPHeng |
|
| 700 | 1 |
_aPetáková, Martina _4trl |
|
| 910 | _atotk | ||
| 942 |
_2ddc _cKLDO _n0 |
||
| 949 |
_6273K0579713 _asvkpoA 222801 _bsvkpo577834 |
||
| 949 |
_6270001000453854 _asvkbbA 141650 _bsvkbbm 744940 |
||
| 949 |
_617A1110567 _asnkSC 159696 _bsnk2014/12182 _o1235/14 _s6100:20140925 |
||
| 949 |
_617A1113451 _asnkSC 159696 D1 _bsnk2014/15444 _o1235/14 |
||
| 949 |
_62889210203 _asavukPV 18969 _bsavuk2014/1686 |
||
| 999 |
_c22245 _d22245 |
||